| 000 | 00000nam 2200000zi 4500 |
| 001 | 9.946647 |
| 003 | CaOODSP |
| 005 | 20250121091710 |
| 006 | m o d f |
| 007 | cr bn||||||||| |
| 008 | 250108s1970 oncb obfu f000 0 eng d |
| 040 | |aCaOODSP|beng|erda|cCaOODSP |
| 043 | |an-cn--- |
| 086 | 1 |aNR24-28/1970-1E-PDF |
| 100 | 1 |aBoyd, Donald W., |eauthor. |
| 245 | 10|aClimatic information for building design in Canada 1970 : |bsupplement no. 1 to the National Building Code of Canada / |cby Donald W. Boyd ; issued by the Associate Committee on the National Building Code. |
| 246 | 10|aSupplement no. 1 to the National Building Code of Canada |
| 250 | |a[Fourth edition 1970]. |
| 264 | 1|aOttawa, Canada : |bNational Research Council, |c1970. |
| 300 | |a1 online resource (48 pages) : |bmaps |
| 336 | |atext|btxt|2rdacontent |
| 337 | |acomputer|bc|2rdamedia |
| 338 | |aonline resource|bcr|2rdacarrier |
| 500 | |aCover title. |
| 500 | |aIssued also in French under title: Renseignements climatologiques pour le calcul des bâtiments au Canada, 1970 : supplément no 1 au Code national du bâtiment (Canada). |
| 504 | |aIncludes bibliographical references (pages 11-12). |
| 520 | |a"The great diversity of climate in Canada has a considerable effect on the performance of buildings, and consequently the design of buildings should reflect this diversity. The purposes of this handbook are: firstly, by means of maps, to indicate the variability and general distribution of earthquake intensity, permafrost, and those climatic elements that are most frequently considered in building design; secondly, to explain briefly how the design weather values are computed; and, thirdly, to present recommended design data for a number of cities and towns and smaller populated places"--Page [3]. |
| 650 | 0|aBuilding laws|zCanada. |
| 650 | 0|aBuildings|xStandards|zCanada. |
| 650 | 0|aArchitecture and climate|zCanada|vHandbooks, manuals, etc. |
| 655 | 7|aHandbooks and manuals|2lcgft |
| 710 | 2 |aNational Research Council of Canada. |bAssociate Committee on the National Building Code, |eissuing body. |
| 775 | 08|tRenseignements climatologiques pour le calcul des bâtiments au Canada, 1970 : |w(CaOODSP)9.946686 |
| 794 | |tClimatic information for building design in Canada 1975 : |w(CaOODSP)9.946708 |
| 795 | |tClimatic information for building design in Canada 1965 : |w(CaOODSP)9.946586 |
| 856 | 40|qPDF|s1.93 MB|uhttps://publications.gc.ca/collections/collection_2025/cnrc-nrc/NR24-28-1970-1-eng.pdf |
| 986 | |a11153 |